Statistics for Municipis de la comarca del Pla d'Urgell (Catalunya)

Click here to take the quiz!

General Stats

  • This quiz has been taken 44 times
  • The average score is 9 of 16

Answer Stats

HintAnswer% Correct
MMollerussa
100%
BUBell-lloc d'Urgell
75%
LLinyola
71%
IUIvars d'Urgell
67%
SSidamon
63%
CSCastellnou de Seana
58%
PAEl Palau d'Anglesola
58%
GGolmés
58%
FFondarella
54%
MMiralcamp
54%
TTorregrossa
54%
BBellvís
46%
PEl Poal
42%
VBVilanova de Bellpuig
42%
BBarbens
33%
VVila-sana
29%

Score Distribution

Percentile by Number Answered

Percent of People with Each Score

Your Score History

You have not taken this quiz